| 000 | 00364nam a2200133Ia 4500 | ||
|---|---|---|---|
| 008 | 150202s9999 xx 000 0 und d | ||
| 020 | _a440201128 | ||
| 050 |
_aFIC _bFIC |
||
| 100 | _aStuart Long, William. | ||
| 245 | 4 |
_aThe seafarers / _cWilliam Stuart Long. |
|
| 260 |
_aNew York : _bDell Books, _c1988. |
||
| 300 |
_a402 pages : _c18 cm. |
||
| 650 | _aFiction. | ||
| 999 |
_c282192 _d282192 |
||